Knowledge and schooling

Contents: Education and knowledge; educating interests; integrating the curriculum; curriculum content.

Sparad:
Bibliografiska uppgifter
Huvudupphovsman: Pring, Richard
Materialtyp: Bok
Språk:Undetermined
Publicerad: London Open Books 1976
Ämnen:
Taggar: Lägg till en tagg
Inga taggar, Lägg till första taggen!
Thư viện lưu trữ: Trung tâm Học liệu Trường Đại học Cần Thơ
LEADER 00593nam a2200193Ia 4500
001 CTU_139670
008 210402s9999 xx 000 0 und d
082 |a 371.2 
082 |b P954 
100 |a Pring, Richard 
245 0 |a Knowledge and schooling 
245 0 |c Richard Pring 
260 |a London 
260 |b Open Books 
260 |c 1976 
520 |a Contents: Education and knowledge; educating interests; integrating the curriculum; curriculum content. 
650 |a Study Skills,Kỹ năng học 
904 |i Tuyến 
980 |a Trung tâm Học liệu Trường Đại học Cần Thơ